| 000 -CABECERA |
| Longitud fija campo de control |
00695nam a2200205 a 4500 |
| 001 - NÚMERO DE CONTROL |
| Número de control |
3210 |
| 003 - IDENTIFICADOR DEL NÚMERO DE CONTROL |
| Identificador del número de control |
CDMR |
| 005 - FECHA Y HORA DE LA ÚLTIMA TRANSACCIÓN |
| Fecha y hora de la última transacción |
20151022113002.0 |
| 008 - CÓDIGOS DE INFORMACIÓN DE LONGITUD FIJA |
| Códigos de información de longitud fija |
130130s ||||||||||||||||||||||||||||d |
| 040 ## - FUENTE DE LA CATALOGACIÓN |
| Centro catalogador de origen |
CDMR |
| Lengua de catalogación |
cat |
| Centro transcriptor |
CDMR |
| 100 1# - PUNTO DE ACCESO PRINCIPAL-NOMBRE DE PERSONA |
| Nombre de persona |
Rekalde, Angel |
| 9 (RLIN) |
2329 |
| 245 10 - MENCIÓN DE TÍTULO |
| Título |
Prensa y propaganda |
| Resto del título |
: el nacionalismo vasco en El País : la campaña electoral de marzo del 2000 : antecedentes |
| Mención de responsabilidad, etc. |
Angel Rekalde |
| 300 ## - DESCRIPCIÓN FÍSICA |
| Extensión |
338 p. |
| Dimensiones |
30 cm |
| 502 ## - NOTA DE TESIS |
| Nota de tesis |
Director de la tesi: José María Larrea Mijuka |
| 650 04 - PUNTO DE ACCESO ADICIONAL DE MATERIA - TÉRMINO DE MATERIA |
| 9 (RLIN) |
3176 |
| Término de materia o nombre geográfico como elemento inicial |
Premsa i propaganda |
| 650 04 - PUNTO DE ACCESO ADICIONAL DE MATERIA - TÉRMINO DE MATERIA |
| 9 (RLIN) |
4090 |
| Término de materia o nombre geográfico como elemento inicial |
Premsa i política |
| Subdivisión geográfica |
Espanya |
| 650 04 - PUNTO DE ACCESO ADICIONAL DE MATERIA - TÉRMINO DE MATERIA |
| 9 (RLIN) |
4239 |
| Término de materia o nombre geográfico como elemento inicial |
Eleccions |
| Subdivisión de materia general |
Cobertura periodística |
| 610 04 - PUNTO DE ACCESO ADICIONAL DE MATERIA - NOMBRE DE ENTIDAD CORPORATIVA |
| 9 (RLIN) |
3256 |
| Nombre de entidad corporativa o nombre de jurisdicción como elemento inicial |
Diario El País, S.L. |
| 942 ## - ENTRADA DE ELEMENTOS AGREGADOS (KOHA) |
| Koha [por defecto] tipo de item |
Tesines |
| Fuente de clasificaión o esquema |
|